[Event "Koge Bugt Spring"]
[Site "Solrod"]
[Date "2011.04.13"]
[Round "3.4"]
[White "Jorgensen, Leif"]
[Black "Borup, Johnny"]
[Result "0-1"]
[WhiteElo "1700"]
[BlackElo "1678"]
[PlyCount "44"]
[EventDate "2011.03.30"]
[EventType "swiss"]
[EventRounds "7"]
[EventCountry "DEN"]
[SourceTitle "EXT 2023"]
[Source "ChessBase"]
[SourceDate "2022.10.05"]
[SourceVersion "1"]
[SourceVersionDate "2022.10.05"]
[SourceQuality "1"]

1. g4 e5 2. Bg2 d5 3. e3 Nc6 4. h3 Nf6 5. Nc3 h6 6. Nge2 Be6 7. d4 Bb4 8. Bd2 Qe7 9. a3 exd4 10. axb4 dxc3 11. bxc3 0-0 12. Nd4 Ne5 13. Nxe6 Qxe6 14. 0-0 Nc4 15. Bc1 c6 16. Re1 Ne4 17. Bxe4 Qxe4 18. f3 Qe5 19. Bd2 Qg3+ 20. Kf1 Qxh3+ 21. Ke2 Qg2+ 22. Kd3 Nb2+ 0-1